Dealing with the Japanese
Na minha lista:
| Autor principal: | |
|---|---|
| Formato: | Livro |
| Idioma: | Undetermined |
| Publicado em: |
London
Unwin Paperbacks
1985
|
| Assuntos: | |
| Tags: |
Adicionar Tag
Sem tags, seja o primeiro a adicionar uma tag!
|
| Thư viện lưu trữ: | Trung tâm Học liệu Trường Đại học Cần Thơ |
|---|
| LEADER | 00510nam a2200193Ia 4500 | ||
|---|---|---|---|
| 001 | CTU_87791 | ||
| 008 | 210402s9999 xx 000 0 und d | ||
| 082 | |a 952.04 | ||
| 082 | |b Z73 | ||
| 100 | |a Zimmerman, Mark A. | ||
| 245 | 0 | |a Dealing with the Japanese | |
| 245 | 0 | |c Mark A. Zimmerman | |
| 260 | |a London | ||
| 260 | |b Unwin Paperbacks | ||
| 260 | |c 1985 | ||
| 650 | |a Japan | ||
| 650 | |x Social life and customs | ||
| 904 | |i Trọng Hiếu | ||
| 980 | |a Trung tâm Học liệu Trường Đại học Cần Thơ | ||